All Austrian Wars - Statistics

General Stats
  • This quiz has been taken 24 times
  • The average score is 53 of 126
Answer Stats
Years War % Correct
1812-1813 French Invasion of Russia
100%
1735-1739 Russo-Austrian-Turkish War
100%
1914-1918 WW1
100%
1939-1945 WW2
100%
1848-1849 1st Italian War of Independence
94%
1839-1841 2nd Egyptian-Ottoman War
94%
1859 2nd Italian War of Independence
94%
1831 Italian Insurrections
94%
1494-1495 | 1521-1526 | 1536-1538 | +2 others Italian War
94%
1526-1533 | 1536-1547 | 1551-1562 | 1566-1568 Ottoman-Habsburg War
94%
1587-1589 Polish Succession
94%
1626-1629 Polish-Swedish War
94%
1733-1735 War of Polish Succession
94%
1792-1797 1st Coalition
88%
1799-1801 2nd Coalition
88%
1805 3rd Coalition
88%
1809 5th Coalition
88%
1813-1814 6th Coalition
88%
1815 7th Coalition
88%
1934 Austrian Civil War
82%
1246 | 1459-1462 | 1477-1488 | +2 others Austrian-Hungarian War
82%
1673-1679 Franco-Dutch War
82%
1848-1849 Hungarian Revolution
82%
1921 Uprising in West Hungary
82%
1701-1714 War of Spanish Succession
82%
1866 Austro-Prussian War
76%
1740-1748 War of Austrian Succession
71%
1458-1465 Inner Austrian War
65%
1015 | 1017 Invasion of Austria
65%
1885 Serbo-Bulgarian War
65%
1848-1849 Serb Uprising
65%
1618-1648 Thirty Years War
65%
1663-1664 | 1716-1718 | 1788-1791 Austro-Turkish War
53%
1683-1699 Great Turkish War
53%
1593-1606 Long Turkish War
53%
1756-1763 Seven Years War
53%
1040-1041 Invasion of Bohemia
47%
1030-1031 | 1042-1044 Invasion of Hungary
47%
1848-1849 Slovak Uprising
47%
1291-1511 Swiss-Habsburg War
47%
1147-1150 2nd Crusade
41%
1189-1192 3rd Crusade
41%
1217-1221 5th Crusade
41%
1209-1229 Albigensian Crusade
41%
1918-1919 Austro-Slovene Conflict
41%
1197-1198 Crusade of 1197
41%
1217-1274 Prussian Crusade
41%
1568-1648 Eighty Years War
35%
1363-1369 Invasion of Tyrol
35%
1419-1434 Hussite Wars
29%
1241-1242 Mongol Raids
29%
1073-1075 Saxony Rebellion
29%
1864 2nd Schleswig War
24%
1899-1901 Boxer Rebellion
24%
1861-1867 French Intervention in Mexico
24%
1477-1482 War of the Burgundian Succession
24%
1508-1516 League of Cambrai
18%
1260-1261 War of Styria
18%
1657-1660 2nd Northern War
12%
1474-1477 Burgundian Wars
12%
1483-1485 | 1487-1492 Flemish Revolt
12%
1875-1878 Great Eastern Crisis
12%
1934 July Putsch
12%
1688-1697 Nine Years War
12%
1440-1446 Old Zurich War
12%
1848 Prague Uprising
12%
1718-1720 Quadruple Alliance
12%
1499 Swabian War
12%
1821 Wallachian Uprising
12%
1683-1684 War of Reunions
12%
1541 Algiers Expedition
6%
1401-1429 Appenzell Wars
6%
1918 Aster Revolution
6%
1469 Baumkircher Feud
6%
1789-1790 Brabant Revolution
6%
1491-1492 Bread and Cheese Revolt
6%
1820-1821 Carbonari Uprising
6%
1520-1521 Comuneros Revolt
6%
1535 Conquest of Tunis
6%
1897-1898 Cretan Revolt
6%
1797 Denisko Uprising
6%
1547 Estates Revolt
6%
1829-1830 Expedition to Morocco
6%
1539-1540 Ghent Revolt
6%
1502-1543 Guelders Wars
6%
1278 Habsburg–Premyslid War
6%
1609-1610 Julich Succession
6%
1784 Kettle War
6%
1794 Kosciuszko Uprising
6%
1846 Krakow Uprising
6%
1526-1530 League of Cognac
6%
1789-1791 Liege Revolution
6%
1486-1489 Mad War
6%
170-180 Marcomannic War
6%
1918 November Uprising
6%
1478 | 1515 | 1626 | 1680 Peasant Revolt
6%
1573 | 1774 Peasants Revolt
6%
1524-1525 Peasants War
6%
1612-1614 Rappenkrieg
6%
1546-1547 Schmalkaldic War
6%
1807 Ticans Rebellion
6%
1616-1617 Uskok War
6%
1665-1666 Varazdin Rebellion
6%
1620-1644 Vlach Uprisings
6%
1468 Waldshuter war
6%
976-978 War of Three Henries
6%
No matching quizzes found
Score Distribution
Percent of People with Each Score
Percentile by Number Answered
Your Score History
You have not taken this quiz